[Event "TOP 16 - Final A"]
[Site "TOP16-Final-A"]
[Date "2021.01.16"]
[Round "7"]
[White "Harut-1998"]
[Black "ProfTerrieux"]
[Result "1-0"]
[WhiteElo "2270"]
[BlackElo "2339"]
[Annotator "NA RC"]
[PlyCount "105"]
[EventDate "2021.01.16"]
[EventType "blitz"]
[WhiteTeam "Nice Alekhine "]

{Haroutyun , Barseghyan (2471)} 1. d4 {[%emt 0:00:01]} d5 {[%emt 0:00:02]} 2. Nf3 {[%emt 0:00:06]} Nf6 {[%emt 0:00:02]} 3. Bf4 {[%emt 0:00:02]} c5 {[%emt 0:00:06]} 4. e3 {[%emt 0:00:03]} e6 {[%emt 0:00:01]} 5. c3 {[%emt 0:00:06]} Bd6 {[%emt 0:00:02]} 6. Bg3 {[%emt 0:00:02]} O-O {[%emt 0:00:05]} 7. Nbd2 {[%emt 0:00:03]} b6 {[%emt 0:00:03]} 8. Bd3 {[%emt 0:00:09]} Qc7 {[%emt 0:00:03]} 9. Bxd6 {[%emt 0:00:09]} Qxd6 {[%emt 0:00:02]} 10. Ne5 {[%emt 0:00:02]} Nc6 {[%emt 0:00:19]} 11. f4 {[%emt 0:00:04]} a5 {[%emt 0:00:10]} 12. Qe2 {[%emt 0:00:11]} Nd7 {[%emt 0:01:14]} 13. O-O {[%emt 0:00:05]} c4 {[%emt 0:00:10]} 14. Bc2 {[%emt 0:00:04]} f5 {[%emt 0:00:01]} 15. g4 {[%emt 0:00:12]} g6 {[%emt 0:00:06]} 16. gxf5 {[%emt 0:00:04]} gxf5 {[%emt 0:00:38]} 17. Ba4 {[%emt 0:00:13]} Ncxe5 {[%emt 0:00:22]} 18. dxe5 {[%emt 0:00:24]} Qe7 {[%emt 0:00:01]} 19. Bxd7 {[%emt 0:00:02]} Bxd7 {[%emt 0:00:01]} 20. Nf3 {[%emt 0:00:01]} b5 {[%emt 0:00:10]} 21. Nd4 {[%emt 0:00:04]} Kh8 {[%emt 0:00:06]} 22. Kh1 {[%emt 0:00:04]} b4 {[%emt 0:00:07]} 23. Rg1 {[%emt 0:00:04]} Rg8 {[%emt 0:00:38]} 24. Qh5 {[%emt 0:00:04]} Raf8 {[%emt 0:00:51]} 25. Qh6 {[%emt 0:00:05]} Rg7 {[%emt 0:00:11]} 26. a3 {[%emt 0:00:30]} b3 {[%emt 0:00:27]} 27. Rg3 {[%emt 0:00:13]} Rfg8 {[%emt 0:00:18]} 28. Rag1 {[%emt 0:00:04]} Rxg3 {[%emt 0:00:04]} 29. Rxg3 {[%emt 0:00:17]} Rxg3 {[%emt 0:00:48]} 30. hxg3 {[%emt 0:00:00]} Kg8 {[%emt 0:00:08]} 31. Kg2 {[%emt 0:00:06]} Kh8 {[%emt 0:00:02]} 32. Kh3 {[%emt 0:00:09]} Kg8 {[%emt 0:00:02]} 33. Nf3 {[%emt 0:00:08]} Be8 {[%emt 0:00:03]} 34. Nd4 {[%emt 0:00:30]} Bg6 {[%emt 0:00:19]} 35. Kg2 {[%emt 0:00:13]} a4 {[%emt 0:00:05]} 36. Kf3 {[%emt 0:00:04]} Kf7 {[%emt 0:00:09]} 37. Kf2 {[%emt 0:00:06]} Kg8 {[%emt 0:00:01]} 38. Nf3 {[%emt 0:00:02]} Qe8 {[%emt 0:00:32]} 39. Qh4 {[%emt 0:00:05]} Qf8 {[%emt 0:00:07]} 40. Nd4 {[%emt 0:00:04]} Qe8 {[%emt 0:00:05]} 41. Qf6 {[%emt 0:00:04]} Bf7 {[%emt 0:00:01]} 42. Kg2 {[%emt 0:00:05]} Qd7 {[%emt 0:00:01]} 43. Kh3 {[%emt 0:00:04]} Qe8 {[%emt 0:00:01]} 44. Kh4 {[%emt 0:00:04]} Qd7 {[%emt 0:00:01]} 45. g4 {[%emt 0:00:28]} fxg4 {[%emt 0:00:02]} 46. f5 {[%emt 0:00:02]} Qe8 {[%emt 0:00:04]} 47. Kxg4 {[%emt 0:00:11]} Qf8 {[%emt 0:00:13]} 48. fxe6 {[%emt 0:00:20]} Bg6 {[%emt 0:00:02]} 49. Kg5 {[%emt 0:00:15]} Qg7 {[%emt 0:00:06]} 50. e7 {[%emt 0:00:13]} Bf7+ {[%emt 0:00:16]} 51. Qxg7+ {[%emt 0:00:08]} Kxg7 {[%emt 0:00:01]} 52. e6 {[%emt 0:00:03]} Be8 {[%emt 0:00:02]} 53. Nf5+ {[%emt 0:00:02] ProfTerrieux abandonne} 1-0

[Event "TOP 16 - Final A"]
[Site "TOP16-Final-A"]
[Date "2021.01.16"]
[Round "7"]
[White "Yvesandre2"]
[Black "Tigran1984"]
[Result "1/2-1/2"]
[WhiteElo "2266"]
[BlackElo "2791"]
[Annotator "NA RC"]
[PlyCount "95"]
[EventDate "2021.01.16"]
[EventType "blitz"]

1. e4 {[%emt 0:00:02]} g6 {[%emt 0:00:02]} 2. d4 {[%emt 0:00:02]} Bg7 {[%emt 0:00:00]} 3. Nc3 {[%emt 0:00:02]} c6 {[%emt 0:00:02]} 4. h3 {[%emt 0:00:06]} d5 {[%emt 0:00:06]} 5. Nf3 {[%emt 0:00:01]} dxe4 {[%emt 0:00:01]} 6. Nxe4 {[%emt 0:00:00]} Nf6 {[%emt 0:00:01]} 7. Nxf6+ {[%emt 0:00:04]} exf6 {[%emt 0:00:01]} 8. Bc4 {[%emt 0:00:17]} O-O {[%emt 0:00:02]} 9. O-O {[%emt 0:00:01]} Nd7 {[%emt 0:00:01]} 10. Re1 {[%emt 0:00:07]} Nb6 {[%emt 0:00:09]} 11. Bb3 {[%emt 0:00:03]} a5 {[%emt 0:00:01]} 12. a3 {[%emt 0:00:06]} Re8 {[%emt 0:00:11]} 13. Bf4 {[%emt 0:00:14]} Rxe1+ {[%emt 0:01:06]} 14. Qxe1 {[%emt 0:00:02]} Bf5 {[%emt 0:00:01]} 15. a4 {[%emt 0:00:47]} Nd5 {[%emt 0:00:09]} 16. Bd2 {[%emt 0:00:28]} Qb6 {[%emt 0:00:07]} 17. Nh4 {[%emt 0:01:49]} Be6 {[%emt 0:00:05]} 18. Nf3 {[%emt 0:00:01]} Bf8 {[%emt 0:00:07]} 19. Rb1 {[%emt 0:00:31]} c5 {[%emt 0:00:35]} 20. dxc5 {[%emt 0:00:33]} Bxc5 {[%emt 0:00:02]} 21. Bc4 {[%emt 0:00:00]} Nb4 {[%emt 0:01:14]} 22. Bxe6 {[%emt 0:00:30]} fxe6 {[%emt 0:00:12]} 23. Bxb4 {[%emt 0:00:32]} axb4 {[%emt 0:00:01]} 24. b3 {[%emt 0:00:12]} Rd8 {[%emt 0:00:01]} 25. Qe2 {[%emt 0:00:08]} e5 {[%emt 0:00:10]} 26. Rf1 {[%emt 0:00:10]} Qd6 {[%emt 0:00:21]} 27. Ne1 {[%emt 0:00:10]} Kg7 {[%emt 0:00:16]} 28. Qc4 {[%emt 0:00:11]} Bd4 {[%emt 0:00:51]} 29. Nd3 {[%emt 0:00:36]} e4 {[%emt 0:00:01]} 30. Nxb4 {[%emt 0:00:00]} e3 {[%emt 0:00:01]} 31. fxe3 {[%emt 0:00:10]} Bxe3+ {[%emt 0:00:00]} 32. Kh1 {[%emt 0:00:01]} Bb6 {[%emt 0:00:00]} 33. Nd3 {[%emt 0:00:13]} Bc7 {[%emt 0:00:06]} 34. Qf4 {[%emt 0:00:01]} Qc6 {[%emt 0:00:07]} 35. Qf3 {[%emt 0:00:03]} Qd6 {[%emt 0:00:05]} 36. Qf4 {[%emt 0:00:03]} Qb6 {[%emt 0:00:42]} 37. Qf2 {[%emt 0:00:07]} Rd4 {[%emt 0:00:15]} 38. Ne1 {[%emt 0:00:19]} Qd6 {[%emt 0:00:42]} 39. Nf3 {[%emt 0:00:01]} Rd1 {[%emt 0:00:04]} 40. Qe2 {[%emt 0:00:02]} Rxf1+ {[%emt 0:00:17]} 41. Qxf1 {[%emt 0:00:00]} Qf4 {[%emt 0:00:00]} 42. Qd1 {[%emt 0:00:03]} Bd6 {[%emt 0:00:19]} 43. c3 {[%emt 0:00:02]} g5 {[%emt 0:00:04]} 44. Qd2 {[%emt 0:00:10]} Qg3 {[%emt 0:00:03]} 45. Qe1 {[%emt 0:00:03]} Qf4 {[%emt 0:00:03]} 46. Qd2 {[%emt 0:00:04]} Qg3 {[%emt 0:00:01]} 47. Qe1 {[%emt 0:00:09]} Qf4 {[%emt 0:00:01]} 48. Qd2 {[%emt 0:00:03] (Lag: Av=0.80s, max=1.3s)} 1/2-1/2

[Event "TOP 16 - Final A"]
[Site "TOP16-Final-A"]
[Date "2021.01.16"]
[Round "7"]
[White "Pastouche06"]
[Black "Tander"]
[Result "1-0"]
[WhiteElo "2201"]
[BlackElo "2014"]
[Annotator "NA RC"]
[PlyCount "89"]
[EventDate "2021.01.16"]
[EventType "blitz"]

1. d4 {[%emt 0:00:04]} e6 {[%emt 0:00:14]} 2. c4 {[%emt 0:00:06]} Nf6 {[%emt 0:00:01]} 3. Nc3 {[%emt 0:00:02]} Bb4 {[%emt 0:00:01]} 4. e3 {[%emt 0:00:05]} O-O {[%emt 0:00:04]} 5. Nge2 {[%emt 0:00:02]} d5 {[%emt 0:00:02]} 6. a3 {[%emt 0:00:02]} Bd6 {[%emt 0:00:02]} 7. Ng3 {[%emt 0:00:04]} c5 {[%emt 0:00:26]} 8. dxc5 {[%emt 0:00:37]} Bxc5 {[%emt 0:00:00]} 9. b4 {[%emt 0:00:24]} Bb6 {[%emt 0:00:02]} 10. cxd5 {[%emt 0:00:19]} exd5 {[%emt 0:00:00]} 11. Na4 {[%emt 0:00:09]} Bc7 {[%emt 0:00:52]} 12. Bb2 {[%emt 0:00:34]} Nc6 {[%emt 0:01:01]} 13. Be2 {[%emt 0:00:14]} Ne5 {[%emt 0:00:17]} 14. Rc1 {[%emt 0:00:43]} Re8 {[%emt 0:00:34]} 15. O-O {[%emt 0:00:09]} b6 {[%emt 0:00:30]} 16. Qc2 {[%emt 0:00:45]} Bd6 {[%emt 0:00:21]} 17. Nf5 {[%emt 0:00:18]} Bf8 {[%emt 0:00:50]} 18. Rfd1 {[%emt 0:00:11]} Ne4 {[%emt 0:00:22]} 19. Ng3 {[%emt 0:00:24]} Nxg3 {[%emt 0:00:13]} 20. hxg3 {[%emt 0:00:03]} Bb7 {[%emt 0:00:02]} 21. Nc3 {[%emt 0:00:11]} Rc8 {[%emt 0:00:06]} 22. Qb3 {[%emt 0:00:11]} Nc4 {[%emt 0:00:26]} 23. Nb5 {[%emt 0:00:50]} Nxb2 {[%emt 0:00:14]} 24. Qxb2 {[%emt 0:00:00]} Rxc1 {[%emt 0:00:10]} 25. Qxc1 {[%emt 0:00:06]} Ba6 {[%emt 0:00:14]} 26. Nd4 {[%emt 0:00:15]} Bxe2 {[%emt 0:00:06]} 27. Nxe2 {[%emt 0:00:00]} Qd7 {[%emt 0:00:09]} 28. Nf4 {[%emt 0:00:08]} Qa4 {[%emt 0:00:12]} 29. Rxd5 {[%emt 0:00:15]} a5 {[%emt 0:00:01]} 30. bxa5 {[%emt 0:00:18]} bxa5 {[%emt 0:00:01]} 31. Qc7 {[%emt 0:00:03]} Qxa3 {[%emt 0:00:12]} 32. Rxa5 {[%emt 0:00:17]} Qd6 {[%emt 0:00:08]} 33. Qxd6 {[%emt 0:00:11]} Bxd6 {[%emt 0:00:00]} 34. Nd5 {[%emt 0:00:01]} Rc8 {[%emt 0:00:09]} 35. Ra1 {[%emt 0:00:12]} h5 {[%emt 0:00:02]} 36. Rd1 {[%emt 0:00:04]} Be5 {[%emt 0:00:12]} 37. f4 {[%emt 0:00:15]} Bd6 {[%emt 0:00:12]} 38. e4 {[%emt 0:00:11]} Rc2 {[%emt 0:00:07]} 39. Kh2 {[%emt 0:00:06]} Bf8 {[%emt 0:00:09]} 40. Rb1 {[%emt 0:00:05]} Rc8 {[%emt 0:00:03]} 41. Rb7 {[%emt 0:00:02]} Bd6 {[%emt 0:00:05]} 42. Rd7 {[%emt 0:00:03]} Bf8 {[%emt 0:00:02]} 43. e5 {[%emt 0:00:02]} Re8 {[%emt 0:00:07]} 44. Kh3 {[%emt 0:00:01]} Re7 {[%emt 0:00:04]} 45. Nxe7+ {[%emt 0:00:02] Tander resigns (Lag: Av=0.73s, max=1.1s)} 1-0

[Event "TOP 16 - Final A"]
[Site "TOP16-Final-A"]
[Date "2021.01.16"]
[Round "7"]
[White "SebyFischer57"]
[Black "Bagheri amir"]
[Result "0-1"]
[WhiteElo "2110"]
[BlackElo "2135"]
[Annotator "NA RC"]
[PlyCount "58"]
[EventDate "2021.01.16"]
[EventType "blitz"]
[BlackTeam "monaco"]

{- Bagheri, Amir} 1. e4 {[%emt 0:00:08]} c6 {[%emt 0:00:01]} 2. d4 {[%emt 0:00:02]} d5 {[%emt 0:00:02]} 3. e5 {[%emt 0:00:01]} Bf5 {[%emt 0:00:02]} 4. Nd2 {[%emt 0:00:01]} e6 {[%emt 0:00:04]} 5. Nb3 {[%emt 0:00:01]} Nd7 {[%emt 0:00:08]} 6. Nf3 {[%emt 0:00:01]} Ne7 {[%emt 0:00:14]} 7. Be2 {[%emt 0:00:02]} Bg4 {[%emt 0:00:21]} 8. O-O {[%emt 0:01:29]} Nf5 {[%emt 0:00:04]} 9. h3 {[%emt 0:00:04]} Bxf3 {[%emt 0:00:03]} 10. Bxf3 {[%emt 0:00:00]} Be7 {[%emt 0:00:14]} 11. Be2 {[%emt 0:00:06]} O-O {[%emt 0:00:34]} 12. Bd3 {[%emt 0:00:18]} g6 {[%emt 0:00:08]} 13. g4 {[%emt 0:00:27]} Ng7 {[%emt 0:00:06]} 14. Be3 {[%emt 0:00:15]} f6 {[%emt 0:00:11]} 15. exf6 {[%emt 0:00:12]} Rxf6 {[%emt 0:00:14]} 16. Bg5 {[%emt 0:02:19]} Rf7 {[%emt 0:00:03]} 17. Bxe7 {[%emt 0:00:02]} Qxe7 {[%emt 0:00:02]} 18. Qe2 {[%emt 0:01:06]} Raf8 {[%emt 0:00:03]} 19. f3 {[%emt 0:00:13]} Qd6 {[%emt 0:01:02]} 20. Kg2 {[%emt 0:00:08]} e5 {[%emt 0:00:08]} 21. Rae1 {[%emt 0:00:19]} exd4 {[%emt 0:00:58]} 22. Nxd4 {[%emt 0:00:10]} a6 {[%emt 0:00:40]} 23. c4 {[%emt 0:00:23]} Nc5 {[%emt 0:01:07]} 24. Rd1 {[%emt 0:00:18]} Re7 {[%emt 0:00:08]} 25. Qc2 {[%emt 0:00:02]} Nce6 {[%emt 0:00:04]} 26. Nxe6 {[%emt 0:00:04]} Nxe6 {[%emt 0:00:01]} 27. cxd5 {[%emt 0:00:08]} Nf4+ {[%emt 0:00:02]} 28. Kh1 {[%emt 0:00:01]} cxd5 {[%emt 0:00:05]} 29. Qh2 {[%emt 0:00:07] .} Re3 {[%emt 0:00:16] TimeW} 0-1

[Event "TOP 16 - Final A"]
[Site "TOP16-Final-A"]
[Date "2021.01.16"]
[Round "7"]
[White "Pierre35"]
[Black "Adrien Demuth"]
[Result "1-0"]
[WhiteElo "2073"]
[BlackElo "2387"]
[Annotator "NA RC"]
[PlyCount "58"]
[EventDate "2021.01.16"]
[EventType "blitz"]

1. Nf3 {[%emt 0:00:03]} Nf6 {[%emt 0:00:02]} 2. g3 {[%emt 0:00:03]} g6 {[%emt 0:00:01]} 3. Bg2 {[%emt 0:00:01]} Bg7 {[%emt 0:00:00]} 4. O-O {[%emt 0:00:01]} O-O {[%emt 0:00:01]} 5. c4 {[%emt 0:00:01]} d6 {[%emt 0:00:00]} 6. d4 {[%emt 0:00:05]} c6 {[%emt 0:00:01]} 7. Nc3 {[%emt 0:00:07]} Qa5 {[%emt 0:00:01]} 8. e4 {[%emt 0:00:18]} Bg4 {[%emt 0:00:01]} 9. h3 {[%emt 0:00:06]} Bxf3 {[%emt 0:00:01]} 10. Bxf3 {[%emt 0:00:03]} Nfd7 {[%emt 0:00:00]} 11. Be3 {[%emt 0:00:05]} a6 {[%emt 0:00:01]} 12. Rb1 {[%emt 0:00:08]} c5 {[%emt 0:00:01]} 13. Be2 {[%emt 0:00:34]} Nc6 {[%emt 0:00:07]} 14. dxc5 {[%emt 0:00:11]} Nxc5 {[%emt 0:00:00]} 15. Nd5 {[%emt 0:00:37]} Qd8 {[%emt 0:00:21]} 16. Bf3 {[%emt 0:00:17]} Rc8 {[%emt 0:00:32]} 17. b4 {[%emt 0:00:45]} Nd7 {[%emt 0:00:14]} 18. b5 {[%emt 0:00:05]} Nce5 {[%emt 0:00:05]} 19. bxa6 {[%emt 0:00:12]} bxa6 {[%emt 0:00:00]} 20. Rb7 {[%emt 0:00:29]} Nxc4 {[%emt 0:00:13]} 21. Bg5 {[%emt 0:00:02]} f6 {[%emt 0:00:49]} 22. Bg4 {[%emt 0:00:16]} Nce5 {[%emt 0:00:01]} 23. Be6+ {[%emt 0:00:07]} Kh8 {[%emt 0:00:01]} 24. Bf4 {[%emt 0:00:01]} Nc5 {[%emt 0:02:37]} 25. Bxc8 {[%emt 0:00:12]} Qxc8 {[%emt 0:00:00]} 26. Rxe7 {[%emt 0:00:06]} Qxh3 {[%emt 0:00:03]} 27. Bxe5 {[%emt 0:00:59]} fxe5 {[%emt 0:00:00]} 28. Ne3 {[%emt 0:01:15]} Nxe4 {[%emt 0:00:05]} 29. Qg4 {[%emt 0:00:04]} Qh4 {[%emt 0:00:04] Pierre35 offers a draw Adrien Demuth abandonne} 1-0

[Event "TOP 16 - Final A"]
[Site "TOP16-Final-A"]
[Date "2021.01.16"]
[Round "7"]
[White "Amiralfio"]
[Black "Nikame"]
[Result "1-0"]
[WhiteElo "1851"]
[BlackElo "1977"]
[Annotator "TA"]
[PlyCount "85"]
[EventDate "2021.01.16"]
[EventType "blitz"]

{[%evp 9,84,0,0,0,0,-5,14,15,51,46,68,-15,3,18,7,-5,-10,-20,-26,-30,-24,-25,-15,-26,-25,-48,-48,-48,-48,-48,-48,-61,-59,-67,-60,-80,-32,-35,0,-16,0,-75,-76,-60,-75,-80,-19,-46,0,0,0,0,0,-22,-14,-50,-39,-61,-62,-89,-39,-102,-90,-137,0,-195,-78,-203,-147,-140,-152,-146,0,0,29998,29999,29999]} 1. e4 c5 2. Nf3 Nc6 3. Bb5 e6 4. O-O Nge7 5. d3 a6 6. Ba4 {B30: Sicilian: 2...Nc6 3 Bb5, lines without ...g6.} b5 7. Bb3 {[#]} g6 $146 ({Predecessor:} 7... Ng6 8. Be3 d5 9. c4 d4 10. Bg5 Qc7 11. Nbd2 h6 12. Bh4 Nxh4 13. Nxh4 Qf4 {0-1 (39) Ibraimi,I-Angjelkoski,M (1796) Ohrid 2020}) 8. a4 {The position is equal.} Bb7 9. Be3 d6 10. e5 (10. axb5 $14 axb5 11. Rxa8 Bxa8 12. Na3) 10... Bg7 11. exd6 Qxd6 12. Nc3 Nd4 13. Bxd4 cxd4 14. Ne4 Qb6 15. Qd2 O-O 16. Qf4 Nd5 $36 {[%mdl 2048] Black has good play.} 17. Qd6 Rfd8 18. Qxb6 Nxb6 19. axb5 axb5 20. Nfd2 Rac8 21. Ra5 Bc6 22. Rfa1 Bf8 23. Ra7 {Threatens to win with Bxe6!} Nd5 24. Ng5 Nc7 25. Ngf3 (25. Nde4 $11) 25... Bc5 $17 26. R7a2 Kg7 27. Ne5 Bd5 (27... Bb7 $17) 28. Ne4 $1 $11 {[%cal Re4c5]} Bxe4 29. dxe4 Ne8 30. Nd3 Nd6 31. f3 Nc4 32. Nxc5 Rxc5 33. Ra7 Kf6 34. Rb7 Nxb2 {...d3 is the strong threat.} 35. Raa7 ({White should play} 35. f4 $1 $15) 35... Rf8 36. f4 {[#]} g5 ({Better is} 36... d3 $1 $17 {[%cal Rd3c2]} 37. e5+ Kf5 38. cxd3 Rc1+ 39. Kf2 Nxd3+ 40. Kf3 Nxf4 41. g4+ (41. Rxf7+ $2 Rxf7 42. Rxf7+ Kxe5 $19) 41... Kxe5 42. Rxb5+ Nd5 43. Bxd5 exd5 44. Re7+ Kf6) 37. g3 $2 (37. e5+ $11 Kg6 38. Bxe6) 37... Nc4 (37... gxf4 $19 {has better winning chances.} 38. gxf4 d3 39. cxd3 Nxd3) 38. Rd7 (38. fxg5+ $17 Kxg5 39. Rxf7 Rxf7 40. Rxf7) 38... Nd2 39. e5+ Kg6 40. Bxe6 {[#]} fxe6 (40... Nf3+ $1 $17 41. Kg2 Nxe5) 41. g4 $1 {White wants to mate with Rg7+.} Rg8 {[%mdl 8192]} ({And not} 41... gxf4 42. Rg7+ Kh6 43. Rxh7+ Kg6 44. Rag7#) (41... Nf3+ $11 42. Kh1 Rxe5 43. fxe5 Nxe5) 42. f5+ $1 exf5 43. Rd6# {Weighted Error Value: White=0.28/Black=0.47} 1-0

[Event "TOP 16 - Final A"]
[Site "TOP16-Final-A"]
[Date "2021.01.16"]
[Round "8"]
[White "Tigran1984"]
[Black "Harut-1998"]
[Result "1/2-1/2"]
[WhiteElo "2776"]
[BlackElo "2290"]
[Annotator "NA RC"]
[PlyCount "139"]
[EventDate "2021.01.16"]
[EventType "blitz"]
[BlackTeam "Nice Alekhine "]

{- Haroutyun , Barseghyan (2471)} 1. b3 {[%emt 0:00:01]} d5 {[%emt 0:00:06]} 2. Bb2 {[%emt 0:00:01]} Bg4 {[%emt 0:00:02]} 3. h3 {[%emt 0:00:04]} Bh5 {[%emt 0:00:02]} 4. Nf3 {[%emt 0:00:11]} Bxf3 {[%emt 0:00:09]} 5. exf3 {[%emt 0:00:01]} e6 {[%emt 0:00:03]} 6. f4 {[%emt 0:00:08]} Nf6 {[%emt 0:00:04]} 7. g3 {[%emt 0:00:15]} a5 {[%emt 0:00:06]} 8. a4 {[%emt 0:00:11]} Be7 {[%emt 0:00:09]} 9. Bg2 {[%emt 0:00:09]} O-O {[%emt 0:00:02]} 10. O-O {[%emt 0:00:01]} Nc6 {[%emt 0:00:04]} 11. Re1 {[%emt 0:00:05]} Nb4 {[%emt 0:00:04]} 12. d3 {[%emt 0:00:30]} c6 {[%emt 0:00:03]} 13. Nd2 {[%emt 0:00:03]} Nd7 {[%emt 0:00:08]} 14. Nf3 {[%emt 0:00:04]} Bf6 {[%emt 0:00:04]} 15. c3 {[%emt 0:00:34]} Na6 {[%emt 0:00:20]} 16. h4 {[%emt 0:00:12]} Qb6 {[%emt 0:00:06]} 17. Rb1 {[%emt 0:00:09]} Nac5 {[%emt 0:00:07]} 18. Ba1 {[%emt 0:00:02]} Rfe8 {[%emt 0:00:04]} 19. h5 {[%emt 0:00:11]} Qa6 {[%emt 0:00:31] Harut-1998 offers a draw} 20. Bf1 {[%emt 0:00:09]} Qb6 {[%emt 0:00:07]} 21. Kg2 {[%emt 0:00:08]} Be7 {[%emt 0:00:23]} 22. Qc2 {[%emt 0:00:29]} Nf6 {[%emt 0:00:11]} 23. h6 {[%emt 0:00:05]} g6 {[%emt 0:00:02]} 24. Be2 {[%emt 0:00:23]} Ncd7 {[%emt 0:00:10]} 25. d4 {[%emt 0:00:37]} Ne4 {[%emt 0:00:06]} 26. Bd3 {[%emt 0:00:08]} Nd6 {[%emt 0:00:11]} 27. Ne5 {[%emt 0:00:05]} Nxe5 {[%emt 0:00:12]} 28. fxe5 {[%emt 0:00:00]} Nf5 {[%emt 0:00:02]} 29. Qd2 {[%emt 0:00:24]} Bf8 {[%emt 0:00:33]} 30. Bxf5 {[%emt 0:00:18]} exf5 {[%emt 0:00:12]} 31. c4 {[%emt 0:00:12]} Qa6 {[%emt 0:00:23]} 32. c5 {[%emt 0:00:20]} b6 {[%emt 0:00:04]} 33. cxb6 {[%emt 0:00:00]} Qxb6 {[%emt 0:00:08]} 34. Bc3 {[%emt 0:00:01]} Reb8 {[%emt 0:00:09]} 35. e6 {[%emt 0:00:09]} Qc7 {[%emt 0:00:17]} 36. exf7+ {[%emt 0:00:26]} Kxf7 {[%emt 0:00:00]} 37. Re2 {[%emt 0:00:09]} Re8 {[%emt 0:00:28]} 38. Rxe8 {[%emt 0:00:02]} Kxe8 {[%emt 0:00:02]} 39. b4 {[%emt 0:00:04]} axb4 {[%emt 0:00:03]} 40. Bxb4 {[%emt 0:00:00]} Kf7 {[%emt 0:00:08]} 41. Bxf8 {[%emt 0:00:03]} Kxf8 {[%emt 0:00:05]} 42. Ra1 {[%emt 0:00:07]} Ra5 {[%emt 0:00:08]} 43. Qb4+ {[%emt 0:00:02]} Kf7 {[%emt 0:00:03]} 44. Rc1 {[%emt 0:00:05]} Ra6 {[%emt 0:00:06]} 45. Qb5 {[%emt 0:00:13]} Qxg3+ {[%emt 0:00:20]} 46. fxg3 {[%emt 0:00:00]} cxb5 {[%emt 0:00:00]} 47. Rc7+ {[%emt 0:00:08]} Kf6 {[%emt 0:00:04]} 48. axb5 {[%emt 0:00:00]} Ra2+ {[%emt 0:00:03]} 49. Kf3 {[%emt 0:00:07]} Ra3+ {[%emt 0:00:03]} 50. Kf2 {[%emt 0:00:02]} Ra2+ {[%emt 0:00:03]} 51. Kf3 {[%emt 0:00:01]} Ra3+ {[%emt 0:00:02]} 52. Kf2 {[%emt 0:00:00]} Ra2+ {[%emt 0:00:01] Harut-1998 offers a draw} 53. Ke1 {[%emt 0:00:16]} Rb2 {[%emt 0:00:54]} 54. Rxh7 {[%emt 0:00:07]} Rxb5 {[%emt 0:00:02]} 55. Rd7 {[%emt 0:00:01]} Rb2 {[%emt 0:00:04]} 56. h7 {[%emt 0:00:10]} Rh2 {[%emt 0:00:04]} 57. Kf1 {[%emt 0:00:16]} Kg5 {[%emt 0:00:09]} 58. Rg7 {[%emt 0:00:53]} f4 {[%emt 0:00:20]} 59. gxf4+ {[%emt 0:00:09]} Kxf4 {[%emt 0:00:00]} 60. Re7 {[%emt 0:00:16]} g5 {[%emt 0:00:15]} 61. Kg1 {[%emt 0:00:01]} Rh3 {[%emt 0:00:04]} 62. Kg2 {[%emt 0:00:01]} g4 {[%emt 0:00:03]} 63. Rg7 {[%emt 0:00:01]} Ke3 {[%emt 0:00:08]} 64. Rg5 {[%emt 0:00:08]} Rxh7 {[%emt 0:00:04]} 65. Rxd5 {[%emt 0:00:01]} Ke4 {[%emt 0:00:07]} 66. Rg5 {[%emt 0:00:01]} Kxd4 {[%emt 0:00:03]} 67. Rxg4+ {[%emt 0:00:01]} Ke5 {[%emt 0:00:01]} 68. Rg3 {[%emt 0:00:01]} Kf6 {[%emt 0:00:01]} 69. Rh3 {[%emt 0:00:01]} Rxh3 {[%emt 0:00:02]} 70. Kxh3 {[%emt 0:00:00] (Lag: Av=0.31s, max=1.2s) No Material} 1/2-1/2